000 00810nas a2200277 4500
001 BR9901851
003 BR-BrBNA
005 20231205101342.0
007 ta
008 230509b bl.|||p| |||| 00| 00por d
040 _aBR-BrBNA
_bpor
_cBiblioteca Nacional de Agricultura
041 _a(Pt)
072 _aL01
100 1 _aFerreira, W.M.
100 1 _aSantiago, G.S.
245 1 _aDesempenho produtivo de coelhos criados em diferentes densidades populacionais
650 _aCoelho
650 _aRecria
650 _aGanho de Peso
650 _aRendimento
650 _aPerformance
650 _aCarcaca
773 0 _tRevista Brasileira de Zootecnia (Brazil)
_xISSN 1516-3598
_g(Jan-Feb 1999), v. 28(1) p. 113-117
_wBR9901851
909 _a202311
_bLúcia
_c55
_dLúcia Elande
942 _2AGRIS
_n0
_cANA
999 _c161308
_d161308